[Event "World op 50th"]
[Site "Philadelphia"]
[Date "2022.07.02"]
[Round "4"]
[White "Gorman, Dov"]
[Black "Harriott, Tyrell"]
[Result "1-0"]
[WhiteElo "2254"]
[BlackElo "1918"]
[PlyCount "133"]
[EventDate "2022.06.30"]
[EventType "swiss"]
[EventRounds "9"]
[EventCountry "USA"]
[SourceTitle "CBM 209 Extra"]
[Source "ChessBase"]
[SourceDate "2022.09.30"]
[SourceVersion "1"]
[SourceVersionDate "2022.09.30"]
[SourceQuality "1"]

1. Nf3 d5 2. c4 e6 3. b3 f5 4. Bb2 Nf6 5. g3 Bd6 6. Bg2 0-0 7. 0-0 f4 8. d4 c6 9. Nbd2 Qe8 10. Ne5 fxg3 11. fxg3 Nbd7 12. Nxd7 Bxd7 13. e4 e5 14. exd5 exd4 15. Bxd4 c5 16. Bxf6 Qe3+ 17. Kh1 Rxf6 18. Rxf6 gxf6 19. Qe1 Qh6 20. Qf2 Be5 21. Re1 Bc3 22. Re2 Bg4 23. Bf3 Bf5 24. Ne4 Bd4 25. Qe1 Bd7 26. Nf2 Kf8 27. Re4 f5 28. Re2 b5 29. Nd3 bxc4 30. bxc4 Qa6 31. Qc1 Rb8 32. Kg2 Re8 33. Rxe8+ Bxe8 34. a3 Ba4 35. Qf4 Qxc4 36. Qxf5+ Kg7 37. Be4 Be8 38. Qxh7+ Kf8 39. Nf4 Bf7 40. Qf5 Ke7 41. Ng6+ Kd8 42. Bf3 Be8 43. Qg5+ Kc8 44. Bg4+ Bd7 45. Bxd7+ Kxd7 46. Qe7+ Kc8 47. Qe6+ Kb8 48. Ne7 Qc2+ 49. Kh3 Qh7+ 50. Kg4 Qg7+ 51. Kf5 Qh8 52. Qg8+ Kc7 53. Qxh8 Bxh8 54. Ke6 Bc3 55. d6+ Kb7 56. Nd5 Ba5 57. d7 Bd8 58. h4 Kc6 59. h5 Kb5 60. h6 Ka4 61. h7 Kxa3 62. h8Q Bg5 63. Qc3+ Ka2 64. Ne7 a5 65. d8Q a4 66. Qd1 Bc1 67. Qdc2+ 1-0

[Event "New York Central op 2nd"]
[Site "Syracuse"]
[Date "2015.10.18"]
[Round "4"]
[White "Vitoux, Colomban"]
[Black "Gorman, Dov"]
[Result "1/2-1/2"]
[WhiteElo "2401"]
[BlackElo "2241"]
[PlyCount "120"]
[EventDate "2015.10.17"]
[EventType "swiss"]
[EventRounds "5"]
[EventCountry "USA"]
[SourceTitle "EXT 2018"]
[Source "ChessBase"]
[SourceDate "2017.10.13"]
[SourceVersion "1"]
[SourceVersionDate "2017.10.13"]
[SourceQuality "1"]

1. e4 c5 2. Nf3 e6 3. c4 Nc6 4. Nc3 Nf6 5. Be2 d5 6. cxd5 exd5 7. exd5 Nxd5 8. 0-0 Be7 9. d4 0-0 10. Nxd5 Qxd5 11. Be3 cxd4 12. Nxd4 Nxd4 13. Qxd4 Qxd4 14. Bxd4 Rd8 15. Rfd1 Be6 16. Bf3 Rd7 17. g3 h6 18. Be3 Rad8 19. Bxa7 Rxd1+ 20. Rxd1 Rxd1+ 21. Bxd1 Bxa2 22. b3 Bb1 23. Bf3 Bf5 24. Bd5 Bb4 25. Kg2 Kf8 26. Kf3 Ke7 27. Bd4 f6 28. g4 Be6 29. Bxe6 Kxe6 30. Ke4 g6 31. Be3 Bd6 32. h3 h5 33. f3 Bc7 34. Bc5 Bg3 35. Bf8 hxg4 36. fxg4 f5+ 37. gxf5+ gxf5+ 38. Kf3 Be1 39. Bg7 Kf7 40. Bd4 Kg6 41. Kf4 Bd2+ 42. Be3 Bc3 43. Bf2 Kf6 44. Bh4+ Ke6 45. Bd8 Bd2+ 46. Kf3 Kf7 47. Bb6 Kg6 48. Be3 Ba5 49. Bf4 Kh5 50. Bg3 Bd2 51. Bf2 Kg6 52. Be3 Ba5 53. Bd4 Bd2 54. Bb6 Bb4 55. Bd8 Bd6 56. Ke3 Kf7 57. Kd4 Ke6 58. Bg5 Bg3 59. h4 Bf2+ 60. Kd3 Bg3 1/2-1/2

[Event "USA tt"]
[Site "ICC INT"]
[Date "2014.09.09"]
[Round "3"]
[White "Gorman, Dov"]
[Black "Cozianu, Costin"]
[Result "1-0"]
[WhiteElo "2226"]
[BlackElo "2439"]
[PlyCount "81"]
[EventDate "2014.08.26"]
[EventType "team-tourn"]
[EventRounds "10"]
[EventCountry "USA"]
[SourceTitle "CBM 162 Extra"]
[Source "ChessBase"]
[SourceDate "2014.10.17"]
[SourceVersion "1"]
[SourceVersionDate "2014.10.17"]
[SourceQuality "1"]
[WhiteTeam "Philadelphia"]
[BlackTeam "Seattle"]
[WhiteTeamCountry "USA"]
[BlackTeamCountry "USA"]

1. c4 g6 2. Nc3 Bg7 3. Nf3 e5 4. d4 exd4 5. Bg5 f6 6. Qxd4 Nc6 7. Qe3+ Nge7 8. Bh6 0-0 9. Bxg7 Kxg7 10. 0-0-0 d6 11. h4 Qe8 12. Nb5 Qf7 13. Qc3 Bg4 14. Ng5 Qg8 15. f3 Ne5 16. Ne4 Bd7 17. Na3 Bc6 18. Nf2 Qe6 19. e4 Nd7 20. Nc2 Nc5 21. Nd4 Qf7 22. h5 g5 23. h6+ Kh8 24. Ng4 Bd7 25. Ne3 a5 26. g3 g4 27. Bg2 gxf3 28. Bxf3 Ng6 29. Nd5 Bc6 30. Rdf1 Ne5 31. Bh5 Qg8 32. Qc2 Bxd5 33. exd5 Qxg3 34. Ne6 Rg8 35. Kb1 Ncd7 36. Be2 Rac8 37. Ng7 c6 38. Nf5 Qg2 39. Ne7 cxd5 40. Nxc8 Rd8 41. Rfg1 1-0

[Event "Philadelphia op 7th"]
[Site "Philadelphia"]
[Date "2013.03.30"]
[Round "6"]
[White "Gorman, Dov"]
[Black "Pavlovic, Milos M"]
[Result "0-1"]
[WhiteElo "2243"]
[BlackElo "2482"]
[PlyCount "94"]
[EventDate "2013.03.27"]
[EventType "swiss"]
[EventRounds "9"]
[EventCountry "USA"]
[SourceTitle "CBM 153 Extra"]
[Source "ChessBase"]
[SourceDate "2013.04.22"]
[SourceVersion "1"]
[SourceVersionDate "2013.04.22"]
[SourceQuality "1"]

1. d4 Nf6 2. Nf3 g6 3. g3 c5 4. c3 b6 5. Bg2 Bb7 6. 0-0 Bg7 7. Qb3 Qc8 8. Ne5 0-0 9. Bxb7 Qxb7 10. dxc5 Qe4 11. cxb6 axb6 12. Nf3 Qxe2 13. c4 Nc6 14. Nbd2 Ng4 15. h3 Nge5 16. Re1 Qd3 17. Re3 Qd6 18. Nxe5 Nxe5 19. Nf3 Rfc8 20. Nxe5 Bxe5 21. Rd3 Qe6 22. Rd5 Ra5 23. Be3 Rxc4 24. Rxd7 Qxd7 25. Qxc4 Qxh3 26. Rc1 Bxb2 27. Qc8+ Qxc8 28. Rxc8+ Kg7 29. Rc2 Ba3 30. Bxb6 Ra6 31. Be3 h5 32. Kf1 f6 33. Ke2 g5 34. Kd3 Bd6 35. Re2 Kg6 36. Kc4 h4 37. gxh4 gxh4 38. Kb5 Ra3 39. Bc1 Rc3 40. Be3 Ra3 41. Bc1 Rd3 42. a4 Rb3+ 43. Ka6 h3 44. Be3 Rb1 45. f4 Kf5 46. a5 Kg4 47. Bd2 Rb2 0-1

[Event "Philadelphia op 7th"]
[Site "Philadelphia"]
[Date "2013.03.30"]
[Round "7"]
[White "Ostrovskiy, Aleksandr A"]
[Black "Gorman, Dov"]
[Result "1-0"]
[WhiteElo "2379"]
[BlackElo "2243"]
[PlyCount "47"]
[EventDate "2013.03.27"]
[EventType "swiss"]
[EventRounds "9"]
[EventCountry "USA"]
[SourceTitle "CBM 153 Extra"]
[Source "ChessBase"]
[SourceDate "2013.04.22"]
[SourceVersion "1"]
[SourceVersionDate "2013.04.22"]
[SourceQuality "1"]

1. e4 c5 2. Nf3 e6 3. d4 cxd4 4. Nxd4 Nc6 5. Nc3 Qc7 6. Be3 a6 7. Qd2 Nf6 8. 0-0-0 Be7 9. f3 0-0 10. g4 b5 11. g5 Ne8 12. f4 Bb7 13. Bd3 Nd6 14. Nb3 Na5 15. Nxa5 Qxa5 16. Qf2 Qc7 17. Rhe1 b4 18. Bb6 Qc6 19. Nd5 exd5 20. exd5 Qa4 21. Rxe7 Rfe8 22. Qh4 g6 23. Bxg6 hxg6 24. Bd4 1-0

[Event "USA tt"]
[Site "ICC INT"]
[Date "2012.11.07"]
[Round "10"]
[White "Theil, Carey"]
[Black "Gorman, Dov"]
[Result "0-1"]
[WhiteElo "2184"]
[BlackElo "2229"]
[PlyCount "168"]
[EventDate "2012.09.04"]
[EventType "team-tourn"]
[EventRounds "10"]
[EventCountry "USA"]
[SourceTitle "EXT 2013"]
[Source "ChessBase"]
[SourceDate "2012.11.22"]
[SourceVersion "1"]
[SourceVersionDate "2012.11.22"]
[SourceQuality "1"]
[WhiteTeam "New England"]
[BlackTeam "Philadelphia"]
[WhiteTeamCountry "USA"]
[BlackTeamCountry "USA"]

1. e4 c5 2. Nf3 e6 3. Nc3 a6 4. g3 b5 5. Bg2 Bb7 6. d3 d6 7. 0-0 Be7 8. a4 b4 9. Ne2 Nf6 10. c3 a5 11. Nd2 Qc7 12. Nc4 Nbd7 13. h3 0-0 14. cxb4 axb4 15. b3 Rfd8 16. Qc2 d5 17. Ne3 Ne5 18. d4 Ng6 19. exd5 Nxd5 20. Nxd5 Bxd5 21. dxc5 Bxg2 22. Kxg2 Qc6+ 23. Kh2 Ne5 24. Ng1 Qxc5 25. Qxc5 Bxc5 26. Kg2 Rd3 27. Rb1 Rd5 28. Nf3 Nd3 29. Ne1 Ne5 30. Nf3 Nxf3 31. Kxf3 Rc8 32. Be3 Bxe3 33. fxe3 Rf5+ 34. Ke4 Rfc5 35. Rfd1 f6 36. Rd4 Re5+ 37. Kf3 Rc3 38. Re4 Rf5+ 39. Rf4 Re5 40. Re4 Rf5+ 41. Rf4 Rd5 42. Rxb4 Rdd3 43. Re1 f5 44. a5 Rd5 45. a6 Ra5 46. Rb6 Kf7 47. Rd1 Re5 48. Re1 Ra5 49. Rb7+ Kf6 50. a7 g5 51. b4 Raa3 52. b5 Rc2 53. Re2 Rc1 54. b6 Rf1+ 55. Rf2 Re1 56. Re2 g4+ 57. hxg4 fxg4+ 58. Kf2 Rh1 59. Kg2 Raa1 60. Rc2 Rag1+ 61. Kf2 Re1 62. Rf7+ Kxf7 63. a8Q Kf6 64. Qxh1 Rxh1 65. Ke2 Rb1 66. Rc6 Rb3 67. Kd2 Ke5 68. Rc4 h5 69. Rc5+ Ke4 70. Rxh5 Rb2+ 71. Kc3 Rxb6 72. Rh6 Kxe3 73. Rf6 Rc6+ 74. Kb4 Rc8 75. Rxe6+ Kf3 76. Kb3 Kxg3 77. Rf6 Kh3 78. Rh6+ Kg2 79. Rg6 g3 80. Rf6 Kh2 81. Rh6+ Kg1 82. Rg6 g2 83. Rf6 Rh8 84. Kc2 Kh1 0-1

[Event "USA tt"]
[Site "ICC INT"]
[Date "2012.10.18"]
[Round "7"]
[White "Gorman, Dov"]
[Black "Milman, Lev"]
[Result "1-0"]
[WhiteElo "2229"]
[BlackElo "2441"]
[PlyCount "73"]
[EventDate "2012.09.04"]
[EventType "team-tourn"]
[EventRounds "10"]
[EventCountry "USA"]
[SourceTitle "EXT 2013"]
[Source "ChessBase"]
[SourceDate "2012.11.22"]
[SourceVersion "1"]
[SourceVersionDate "2012.11.22"]
[SourceQuality "1"]
[WhiteTeam "Philadelphia"]
[BlackTeam "Manhattan"]
[WhiteTeamCountry "USA"]
[BlackTeamCountry "USA"]

1. d4 Nf6 2. Nf3 d5 3. c4 e6 4. Nc3 c6 5. e3 Nbd7 6. Qc2 Bd6 7. Bd2 0-0 8. Bd3 dxc4 9. Bxc4 b5 10. Bd3 Bb7 11. Ng5 h6 12. Nge4 Be7 13. 0-0 Rc8 14. Nxf6+ Nxf6 15. Ne4 c5 16. Nxf6+ Bxf6 17. dxc5 a6 18. Rfd1 Bxb2 19. Rab1 Be5 20. f4 Bb8 21. a4 Ba7 22. Bb4 Qc7 23. axb5 axb5 24. Rbc1 Qc6 25. Qe2 Ba6 26. Rc3 e5 27. fxe5 Bb8 28. Bf5 Bxe5 29. Bxc8 Bxc3 30. Bd7 Qa8 31. Bxc3 b4 32. Qb2 bxc3 33. Qxc3 Qb8 34. c6 Qc7 35. Qc5 Rb8 36. Bf5 Bc8 37. Qe5 1-0

[Event "Philadelphia op"]
[Site "Philadelphia"]
[Date "2011.04.22"]
[Round "4"]
[White "Gorman, Dov"]
[Black "Heredia Serrano, Carla Sofia"]
[Result "1-0"]
[WhiteElo "2292"]
[BlackElo "2104"]
[PlyCount "63"]
[EventDate "2011.04.20"]
[EventType "swiss"]
[EventRounds "9"]
[EventCountry "USA"]
[SourceTitle "CBM 141 Extra"]
[Source "ChessBase"]
[SourceDate "2011.05.03"]
[SourceVersion "1"]
[SourceVersionDate "2011.05.03"]
[SourceQuality "1"]

1. e4 c6 2. d4 d5 3. exd5 cxd5 4. c4 Nf6 5. Nc3 Nc6 6. Bg5 Be6 7. Nf3 g6 8. Bxf6 exf6 9. Be2 Qd7 10. 0-0 Bg7 11. Rc1 0-0 12. Qd2 Rfd8 13. Rfd1 Ne7 14. c5 f5 15. b4 h6 16. Nb5 a6 17. Nd6 Nc8 18. Ne5 Qe7 19. Nxc8 Bxc8 20. f4 Bd7 21. Re1 Bxe5 22. dxe5 d4 23. Qxd4 Bc6 24. Qe3 Rd7 25. Bc4 Be4 26. Rcd1 Rad8 27. Rd6 Rxd6 28. cxd6 Qd7 29. Rc1 Rc8 30. Bb3 Rxc1+ 31. Qxc1 Qb5 32. Qc4 1-0

[Event "Continental Class-ch"]
[Site "Arlington"]
[Date "2010.10.10"]
[Round "6"]
[White "Perez, Robert M"]
[Black "Gorman, Dov"]
[Result "0-1"]
[WhiteElo "2211"]
[BlackElo "2285"]
[PlyCount "74"]
[EventDate "2010.10.07"]
[EventType "swiss"]
[EventRounds "9"]
[EventCountry "USA"]
[SourceTitle "CBM 138 Extra"]
[Source "ChessBase"]
[SourceDate "2010.10.29"]
[SourceVersion "1"]
[SourceVersionDate "2010.10.29"]
[SourceQuality "1"]

1. e4 c5 2. Nf3 d6 3. Bb5+ Nd7 4. c4 Ngf6 5. Nc3 g6 6. 0-0 Bg7 7. d4 cxd4 8. Nxd4 0-0 9. Bxd7 Bxd7 10. Qe2 Rc8 11. b3 a6 12. Bb2 e6 13. Rfd1 Qc7 14. a4 Rfd8 15. Rd2 Be8 16. Re1 Qb6 17. Qd1 Nd7 18. Nce2 Nc5 19. Nc1 Bh6 20. Nf3 Bxd2 21. Qxd2 e5 22. Re3 Qc6 23. Qc2 b5 24. axb5 axb5 25. Ne2 bxc4 26. bxc4 Na4 27. Ba1 Qxc4 28. Qd2 Qc2 29. Qe1 Rb8 30. Qf1 Rb1 31. Ne1 Qd1 32. Ng3 Rxa1 33. h4 Qd2 34. h5 Nc3 35. Qc4 Rxe1+ 36. Rxe1 Qxe1+ 37. Kh2 Nb5 0-1

[Event "Continental Class-ch"]
[Site "Arlington"]
[Date "2010.10.08"]
[Round "3"]
[White "Gorman, Dov"]
[Black "Stancil, Kimani A"]
[Result "1-0"]
[WhiteElo "2285"]
[BlackElo "2112"]
[PlyCount "65"]
[EventDate "2010.10.07"]
[EventType "swiss"]
[EventRounds "9"]
[EventCountry "USA"]
[SourceTitle "CBM 138 Extra"]
[Source "ChessBase"]
[SourceDate "2010.10.29"]
[SourceVersion "1"]
[SourceVersionDate "2010.10.29"]
[SourceQuality "1"]

1. e4 c5 2. Nf3 d6 3. d4 cxd4 4. Nxd4 Nf6 5. Nc3 g6 6. f4 a6 7. Be2 Bg7 8. 0-0 0-0 9. Be3 Nc6 10. Bf3 Bd7 11. Nb3 a5 12. a4 Rc8 13. Rf2 Nb8 14. e5 Ne8 15. Bxb7 Rc4 16. Nd5 Be6 17. Qd3 Qd7 18. Qxc4 Qxb7 19. Rd1 dxe5 20. fxe5 Bxe5 21. Qe4 Bxd5 22. Qxe5 Bxb3 23. cxb3 Nc6 24. Qb5 Qa8 25. Bh6 Ng7 26. Rc1 Nd4 27. Qe5 Nge6 28. Bxf8 f6 29. Qe3 Kxf8 30. Rc4 Qd5 31. Rd2 Qe5 32. Qxe5 fxe5 33. b4 1-0

[Event "World op 38th"]
[Site "Philadelphia"]
[Date "2010.07.05"]
[Round "9"]
[White "Henry, Liam"]
[Black "Gorman, Dov"]
[Result "0-1"]
[WhiteElo "2187"]
[BlackElo "2298"]
[PlyCount "66"]
[EventDate "2010.06.29"]
[EventType "swiss"]
[EventRounds "9"]
[EventCountry "USA"]
[SourceTitle "CBM 137 Extra"]
[Source "ChessBase"]
[SourceDate "2010.09.01"]
[SourceVersion "1"]
[SourceVersionDate "2010.09.01"]
[SourceQuality "1"]

1. e4 c5 2. Nf3 d6 3. d4 cxd4 4. Nxd4 Nf6 5. Nc3 g6 6. Be3 Bg7 7. f3 Nc6 8. Qd2 0-0 9. Bc4 Bd7 10. 0-0-0 Qc7 11. Bb3 Rfc8 12. h4 Na5 13. h5 Nc4 14. Bxc4 Qxc4 15. hxg6 fxg6 16. g4 b5 17. Kb1 b4 18. Nd5 Nxd5 19. exd5 Qxd5 20. Qh2 Qe5 21. f4 Qxe3 22. Rhe1 Bxd4 23. Rxe3 Bxe3 24. Re1 Bxg4 25. Rxe3 e6 26. c3 d5 27. Qd2 Bf5+ 28. Kc1 Rc4 29. Kd1 Rac8 30. Qe1 Kf7 31. Qh4 h5 32. Kd2 d4 33. cxd4 Rc1 0-1

[Event "US Open-88"]
[Site "Portland"]
[Date "1987.08.11"]
[Round "9"]
[White "Gorman, Dov"]
[Black "Rolletschek, Heinrich"]
[Result "1/2-1/2"]
[WhiteElo "2445"]
[BlackElo "2303"]
[PlyCount "70"]
[EventDate "1987.08.02"]
[EventType "swiss"]
[EventRounds "12"]
[EventCountry "USA"]
[SourceTitle "EXT 1997"]
[Source "ChessBase"]
[SourceDate "1996.11.15"]
[SourceVersion "1"]
[SourceVersionDate "1996.11.15"]
[SourceQuality "1"]

1. e4 e5 2. Nf3 Nc6 3. Bb5 a6 4. Ba4 d6 5. Bxc6+ bxc6 6. d4 exd4 7. Qxd4 c5 8. Qd3 Nf6 9. 0-0 Bb7 10. Nc3 Be7 11. Re1 0-0 12. Bg5 h6 13. Bh4 Re8 14. Nd2 Qd7 15. Nb3 a5 16. Bxf6 c4 17. Qxc4 Bxf6 18. Qd3 Qc6 19. Nd5 Bxb2 20. Rab1 Be5 21. f4 a4 22. fxe5 axb3 23. axb3 Rxe5 24. c4 Rae8 25. Kh1 Kh8 26. Rf1 Qd7 27. Rf4 c5 28. Nc3 Qe6 29. Rbf1 Bxe4 30. Nxe4 Rxe4 31. Rxf7 Kg8 32. Qf3 Re1 33. Rf8+ Rxf8 34. Qxf8+ Kh7 35. h3 Rxf1+ 1/2-1/2

[Event "US Open-88"]
[Site "Portland"]
[Date "1987.08.02"]
[Round "1"]
[White "Bush, Casey"]
[Black "Gorman, Dov"]
[Result "0-1"]
[WhiteElo "1808"]
[BlackElo "2445"]
[PlyCount "39"]
[EventDate "1987.08.02"]
[EventType "swiss"]
[EventRounds "12"]
[EventCountry "USA"]
[SourceTitle "EXT 1997"]
[Source "ChessBase"]
[SourceDate "1996.11.15"]
[SourceVersion "1"]
[SourceVersionDate "1996.11.15"]
[SourceQuality "1"]

1. e4 c5 2. Nc3 Nc6 3. f4 e6 4. Nf3 d5 5. e5 Nh6 6. g3 Be7 7. Bg2 Nf5 8. d3 b5 9. a4 b4 10. Nb1 h5 11. Bd2 Qb6 12. Qc1 h4 13. g4 h3 14. Bf1 Nh4 15. Nxh4 Bxh4+ 16. Kd1 c4 17. Bxh3 Qf2 18. Be3 Qf3+ 19. Kd2 d4 20. Bg1 0-1